[Event "2. ODEM U25 2005"]
[Site "Willingen GER"]
[Date "2005.05.15"]
[Round "1"]
[White "Kesten, Sebastian"]
[Black "Gahn, Cornelia"]
[Result "1-0"]
[Termination "normal"]
[Board "26"]
[WhiteElo "1978"]
[BlackElo "1342"]
[PlyCount "77"]
[WhiteFideId "24616214"]
[EventCountry "GER"]
[EventRounds "9"]
[EventType "swiss"]
[EventDate "2005.05.15"]

1. d4 d5 2. c4 e6 3. Nc3 Nf6 4. Bg5 Be7 5. e3 O-O 6. cxd5 Nxd5 7. Bxe7 Qxe7 8.
Nf3 Nd7 9. Qc2 N7b6 10. a3 c5 11. Nxd5 Nxd5 12. Qxc5 Qxc5 13. dxc5 a5 14. Bc4
Nf6 15. Rd1 a4 16. Bd3 Ra5 17. Rc1 Nd7 18. c6 Nc5 19. Be2 bxc6 20. Ne5 Nb3 21.
Nxc6 Nxc1 22. Nxa5 Nxe2 23. Kxe2 Ba6+ 24. Kf3 Rc8 25. Rd1 g6 26. Rd4 Bb5 27. h4
Rc7 28. Rb4 Rc5 29. Kg3 Kg7 30. Nb7 Rd5 31. e4 Rd3+ 32. f3 Rb3 33. Rxb3 axb3
34. Nc5 Bc4 35. Kf4 Kf6 36. e5+ Ke7 37. Ke3 Kd8 38. Kd4 Bd5 39. Kc3 1-0

[Event "2. ODEM U25 2005"]
[Site "Willingen GER"]
[Date "2005.05.15"]
[Round "1"]
[White "Jorczik, Andreas"]
[Black "Jähn, Michael"]
[Result "0-1"]
[Termination "normal"]
[Board "27"]
[WhiteElo "1329"]
[BlackElo "1977"]
[PlyCount "92"]
[WhiteFideId "24634921"]
[BlackFideId "24623466"]
[EventCountry "GER"]
[EventRounds "9"]
[EventType "swiss"]
[EventDate "2005.05.15"]

1. d4 d5 2. c4 e6 3. Nc3 Nf6 4. Nf3 dxc4 5. e4 Bb4 6. Qc2 c5 7. Be3 cxd4 8.
Nxd4 O-O 9. Bxc4 Bxc3+ 10. bxc3 Qc7 11. Be2 Nxe4 12. Nb5 Qc6 13. Bd3 Nf6 14.
O-O e5 15. Nxa7 Qe6 16. f3 h6 17. Qb3 Nc6 18. Nb5 Rd8 19. Bc4 Qe7 20. Rfd1 Bf5
21. Bb6 Rd7 22. a4 Na5 23. Bxa5 Rxa5 24. Rxd7 Nxd7 25. Qb4 Qc5+ 26. Qxc5 Nxc5
27. Nd6 Bg6 28. Bb5 Bd3 29. Bxd3 Nxd3 30. Nxb7 Ra7 31. Nd6 Nc5 32. a5 f6 33.
Kf1 Nb3 34. Ke2 Nxa1 35. Kd3 Rd7 36. Kc4 Rxd6 37. Kb5 Nc2 38. Kc5 Re6 39. Kb5
f5 40. a6 Na3+ 41. Ka5 Nc4+ 42. Kb5 Nb6 43. c4 Nxc4 44. a7 Nb6 45. Ka6 e4 46.
fxe4 fxe4 0-1

[Event "2. ODEM U25 2005"]
[Site "Willingen GER"]
[Date "2005.05.15"]
[Round "1"]
[White "Beckmann, Emanuel"]
[Black "Fabritius, Norbert"]
[Result "1-0"]
[Termination "normal"]
[Board "28"]
[WhiteElo "1964"]
[BlackElo "1321"]
[PlyCount "89"]
[WhiteFideId "24608025"]
[BlackFideId "24662178"]
[EventCountry "GER"]
[EventRounds "9"]
[EventType "swiss"]
[EventDate "2005.05.15"]

1. e4 Nc6 2. Nf3 e5 3. Bc4 Nf6 4. Ng5 d5 5. exd5 Nxd5 6. Nxf7 Kxf7 7. Qf3+ Ke7
8. Bxd5 Kd6 9. Nc3 Nd4 10. Qd3 c6 11. Be4 Be7 12. O-O Kc7 13. Ne2 h6 14. Nxd4
Qxd4 15. Qe2 h5 16. c3 Qd6 17. d4 g5 18. dxe5 Qxe5 19. f4 Bc5+ 20. Kh1 Bg4 21.
Qc2 Raf8 22. Bd2 gxf4 23. Rae1 Qd6 24. b4 Be3 25. Bc1 h4 26. h3 Bh5 27. Bb2
Rhg8 28. c4 Rg3 29. c5 Qe7 30. Kh2 Rfg8 31. Bc1 Bxc1 32. Qxc1 Qg5 33. Qxf4+
Qxf4 34. Rxf4 Re8 35. Rxh4 Rg5 36. g4 Bg6 37. Bxg6 Rxe1 38. Rh7+ Kb8 39. Bf5
Rg8 40. Kg3 Ra1 41. Kh4 Rxa2 42. Be6 Rxg4+ 43. Bxg4 Rb2 44. Rh8+ Kc7 45. Rc8#
1-0

[Event "2. ODEM U25 2005"]
[Site "Willingen GER"]
[Date "2005.05.15"]
[Round "1"]
[White "Teltewskoi, Alexander"]
[Black "Mazarov, Jürgen"]
[Result "0-1"]
[Termination "normal"]
[Board "29"]
[WhiteElo "1312"]
[BlackElo "1958"]
[PlyCount "82"]
[BlackFideId "24617768"]
[EventCountry "GER"]
[EventRounds "9"]
[EventType "swiss"]
[EventDate "2005.05.15"]

1. e4 e5 2. Nf3 Nf6 3. Nc3 Bb4 4. d3 d5 5. Bg5 d4 6. a3 Be7 7. Bxf6 Bxf6 8. Nd5
Nc6 9. Be2 Be6 10. Nxf6+ Qxf6 11. Qd2 O-O-O 12. Qg5 Rhg8 13. O-O-O Bd7 14. Qxf6
gxf6 15. Rhg1 f5 16. Rde1 Rde8 17. h3 f4 18. h4 Rg7 19. g3 fxg3 20. Rxg3 Rxg3
21. fxg3 Rg8 22. Rg1 Kd8 23. Kd2 Ke7 24. c3 Bg4 25. Nh2 Bxe2 26. Kxe2 Ke6 27.
Nf3 f6 28. g4 Rg7 29. c4 Ne7 30. b4 Ng6 31. g5 Nf4+ 32. Kd2 Rg6 33. a4 Rg7 34.
c5 b6 35. cxb6 axb6 36. a5 bxa5 37. bxa5 fxg5 38. Rxg5 Rd7 39. Rxe5+ Kd6 40.
Nxd4 Kxe5 41. Nc6+ Kd6 0-1

[Event "2. ODEM U25 2005"]
[Site "Willingen GER"]
[Date "2005.05.15"]
[Round "1"]
[White "Katte, Nicolas"]
[Black "Lange, Vanessa"]
[Result "1-0"]
[Termination "normal"]
[Board "30"]
[WhiteElo "1946"]
[BlackElo "1295"]
[PlyCount "49"]
[WhiteFideId "24614149"]
[EventCountry "GER"]
[EventRounds "9"]
[EventType "swiss"]
[EventDate "2005.05.15"]

1. e4 e5 2. Nf3 Nc6 3. d4 exd4 4. Nxd4 Bc5 5. Nb3 Bd6 6. Nc3 Nf6 7. Bg5 Be7 8.
Qd2 d6 9. O-O-O Be6 10. Nd4 Nxd4 11. Qxd4 c5 12. Qa4+ Bd7 13. Bb5 a6 14. Bxd7+
Nxd7 15. Bxe7 Qxe7 16. Nd5 Qd8 17. Ne3 b5 18. Qb3 Qf6 19. Nf5 O-O 20. Qg3 h6
21. h4 g6 22. Rxd6 Qe5 23. f4 Qxe4 24. Rxg6+ fxg6 25. Qxg6+ 1-0

[Event "2. ODEM U25 2005"]
[Site "Willingen GER"]
[Date "2005.05.15"]
[Round "1"]
[White "Strohmann, Marc"]
[Black "Zayadeh, Raphael"]
[Result "0-1"]
[Termination "normal"]
[Board "31"]
[WhiteElo "1267"]
[BlackElo "1928"]
[PlyCount "92"]
[EventCountry "GER"]
[EventRounds "9"]
[EventType "swiss"]
[EventDate "2005.05.15"]

1. f4 d5 2. e3 Nf6 3. Nf3 Bg4 4. b3 Nbd7 5. Bb2 c6 6. Bd3 Qc7 7. O-O O-O-O 8.
a4 Re8 9. Qe1 Bxf3 10. Rxf3 e5 11. Bf5 exf4 12. Bxf6 gxf6 13. Qf2 Qe5 14. Bxd7+
Kxd7 15. d4 fxe3 16. dxe5 exf2+ 17. Kxf2 Bc5+ 18. Kf1 fxe5 19. Rxf7+ Re7 20.
Rf5 Ke6 21. Rh5 Rf8+ 22. Ke1 Ref7 23. Nd2 Bb4 24. Kd1 Rf1+ 25. Nxf1 Rxf1+ 26.
Ke2 Rxa1 27. Rxh7 Be7 28. g4 Rg1 29. h3 e4 30. Rh6+ Ke5 31. c3 Kf4 32. Kf2 Bc5+
33. Ke2 Rg2+ 34. Kf1 Rf2+ 35. Ke1 Rg2 36. Kf1 Rg3 37. Ke2 Rxc3 38. Rf6+ Ke5 39.
Rf5+ Kd4 40. h4 Rc2+ 41. Kf1 e3 42. Rf4+ Kd3 43. Rf3 Ke4 44. Rf5 e2+ 45. Ke1
Bb4+ 46. Kf2 e1=Q# 0-1

[Event "2. ODEM U25 2005"]
[Site "Willingen GER"]
[Date "2005.05.15"]
[Round "1"]
[White "Frey, Claudia"]
[Black "Sonnhalter, Stella"]
[Result "1-0"]
[Termination "normal"]
[Board "32"]
[WhiteElo "1911"]
[BlackElo "1262"]
[PlyCount "49"]
[WhiteFideId "24614513"]
[BlackFideId "4624815"]
[EventCountry "GER"]
[EventRounds "9"]
[EventType "swiss"]
[EventDate "2005.05.15"]

1. e4 c5 2. Nc3 Nc6 3. g3 g6 4. Bg2 Bg7 5. d3 Nf6 6. f4 d6 7. Nf3 Bg4 8. O-O
O-O 9. h3 Bd7 10. g4 Qb6 11. Kh1 Rac8 12. f5 Rfd8 13. Qe1 Qc7 14. Qh4 Nd4 15.
g5 Nh5 16. Nd5 Qa5 17. Nxe7+ Kh8 18. Nxd4 Bxd4 19. Nxc8 Rxc8 20. Bf3 Rg8 21.
Bxh5 gxh5 22. Qxh5 Be8 23. c3 Be5 24. Bf4 Bxf4 25. Rxf4 1-0

[Event "2. ODEM U25 2005"]
[Site "Willingen GER"]
[Date "2005.05.15"]
[Round "1"]
[White "Frey, Steffen"]
[Black "Koksch, Florian"]
[Result "0-1"]
[Termination "normal"]
[Board "33"]
[WhiteElo "1248"]
[BlackElo "1899"]
[PlyCount "94"]
[BlackFideId "24613584"]
[EventCountry "GER"]
[EventRounds "9"]
[EventType "swiss"]
[EventDate "2005.05.15"]

1. e4 e5 2. Nf3 Nc6 3. Nc3 Nf6 4. d4 Bb4 5. Nxe5 Nxe5 6. dxe5 Bxc3+ 7. bxc3
Nxe4 8. Qd4 Ng5 9. Qg4 h6 10. h4 d5 11. Qf4 Ne6 12. Qg3 f6 13. Qg6+ Kf8 14. Be2
fxe5 15. Bh5 Qe7 16. O-O Bd7 17. f4 exf4 18. Bxf4 Nxf4 19. Rxf4+ Kg8 20. Raf1
Be8 21. Rf7 Bxf7 22. Rxf7 Qe1+ 23. Kh2 Qxh4+ 24. Kg1 Qe1+ 25. Rf1 Qe3+ 26. Kh1
Qg5 27. Qe6+ Kh7 28. Rf5 Rhe8 29. Bxe8 Rxe8 30. Rxg5 Rxe6 31. Rxd5 Rc6 32. Rb5
Rb6 33. Ra5 Ra6 34. Rb5 b6 35. Rb2 Ra3 36. c4 Rc3 37. Rb3 Rxb3 38. cxb3 Kg6 39.
Kg1 Kf5 40. Kf2 Ke4 41. Ke2 Kd4 42. Kd2 g5 43. a3 h5 44. a4 c5 45. Kc2 h4 46.
Kd2 g4 47. Ke2 h3 0-1

[Event "2. ODEM U25 2005"]
[Site "Willingen GER"]
[Date "2005.05.15"]
[Round "1"]
[White "Simon, Eric"]
[Black "Huynh, Nhi Lang"]
[Result "1-0"]
[Termination "normal"]
[Board "34"]
[WhiteElo "1896"]
[BlackElo "1241"]
[PlyCount "125"]
[BlackFideId "24669180"]
[EventCountry "GER"]
[EventRounds "9"]
[EventType "swiss"]
[EventDate "2005.05.15"]

1. d4 d5 2. c4 e6 3. Nc3 Bb4 4. Qc2 Nf6 5. Bg5 dxc4 6. Rd1 Nc6 7. Nf3 O-O 8. e4
Be7 9. Bxc4 a6 10. a3 b5 11. Ba2 b4 12. Na4 Bb7 13. Bb1 g6 14. Nc5 Qc8 15. Nxb7
Qxb7 16. Rc1 Na5 17. Qxc7 Rac8 18. Qxa5 Rxc1+ 19. Bxc1 bxa3 20. O-O axb2 21.
Bg5 Bd8 22. Qa2 Qb5 23. Ne5 Kg7 24. Bd3 Qb6 25. Nf3 Be7 26. Rb1 Rb8 27. Bf4 Rb7
28. Bd2 Qb3 29. Qxb3 Rxb3 30. Ne1 Ba3 31. f3 Nd7 32. Bc4 Rb8 33. Nc2 Be7 34.
Bxa6 Rb3 35. Bc4 Rb8 36. Kf2 e5 37. Be3 exd4 38. Bxd4+ Bf6 39. Bxf6+ Kxf6 40.
Na3 Rb4 41. Bd5 Nc5 42. Ke3 Ke5 43. Rxb2 Rxb2 44. Nc4+ Kf6 45. Nxb2 Ke7 46. Kd4
Ne6+ 47. Bxe6 Kxe6 48. Nd3 f6 49. Kc5 h6 50. Nf4+ Kf7 51. Kd6 g5 52. Nh5 Kg6
53. g4 Kf7 54. Kd7 Kg6 55. Ke7 Kh7 56. Nxf6+ Kg6 57. Nh5 Kh7 58. Kf7 Kh8 59. e5
Kh7 60. e6 Kh8 61. e7 Kh7 62. Nf6+ Kh8 63. e8=R# 1-0

[Event "2. ODEM U25 2005"]
[Site "Willingen GER"]
[Date "2005.05.15"]
[Round "1"]
[White "Neumair, Cedric"]
[Black "Sieker, Roland"]
[Result "0-1"]
[Termination "normal"]
[Board "35"]
[WhiteElo "1240"]
[BlackElo "1895"]
[PlyCount "64"]
[WhiteFideId "4698304"]
[BlackFideId "24600261"]
[EventCountry "GER"]
[EventRounds "9"]
[EventType "swiss"]
[EventDate "2005.05.15"]

1. e4 c5 2. Nf3 d6 3. d4 cxd4 4. Nxd4 Nf6 5. Nc3 Nc6 6. Be3 g6 7. Bb5 Bd7 8.
Qd2 Bg7 9. O-O-O O-O 10. f4 Nxd4 11. Bxd7 Nxc2 12. Kxc2 Nxd7 13. e5 Nb6 14.
exd6 Nc4 15. Qd3 Nxe3+ 16. Qxe3 exd6 17. Qd3 Bxc3 18. bxc3 Qa5 19. Qd5 Qa4+ 20.
Kb2 Qxf4 21. Qxd6 Qg5 22. Qd2 Qb5+ 23. Kc1 Rac8 24. h4 Rc5 25. Qd3 Qb4 26. Rh3
Rfc8 27. Kc2 Qa3 28. Ra1 b5 29. Kd2 Rxc3 30. Qxc3 Rxc3 31. Rxc3 Qb2+ 32. Kd3
Qxa1 0-1

[Event "2. ODEM U25 2005"]
[Site "Willingen GER"]
[Date "2005.05.15"]
[Round "1"]
[White "Zabarska, Natalia"]
[Black "Rosenkranz, Christian"]
[Result "1-0"]
[Termination "normal"]
[Board "36"]
[WhiteElo "1891"]
[BlackElo "1232"]
[PlyCount "49"]
[WhiteFideId "24608009"]
[BlackFideId "24674494"]
[EventCountry "GER"]
[EventRounds "9"]
[EventType "swiss"]
[EventDate "2005.05.15"]

1. e4 e5 2. f4 exf4 3. Nf3 Nf6 4. Nc3 Nc6 5. Bc4 Bb4 6. d3 d6 7. O-O Bg4 8. Qe1
Bxf3 9. Rxf3 Nd4 10. Rf2 Bc5 11. Kh1 Ng4 12. Rxf4 Nxc2 13. Qe2 Nf2+ 14. Rxf2
Nxa1 15. Bxf7+ Kd7 16. Qg4+ Kc6 17. Bd5+ Kb6 18. Na4+ Kb5 19. e5 Ka6 20. Bc4+
b5 21. Nxc5+ dxc5 22. Qe6+ c6 23. Qxc6+ Qb6 24. Bxb5+ Ka5 25. Bd2# 1-0

[Event "2. ODEM U25 2005"]
[Site "Willingen GER"]
[Date "2005.05.15"]
[Round "1"]
[White "Lebeda, Lukas"]
[Black "Rosenblatt, Marcus"]
[Result "0-1"]
[Termination "normal"]
[Board "37"]
[WhiteElo "1222"]
[BlackElo "1852"]
[PlyCount "106"]
[BlackFideId "24627453"]
[EventCountry "GER"]
[EventRounds "9"]
[EventType "swiss"]
[EventDate "2005.05.15"]

1. d4 Nf6 2. c4 e5 3. dxe5 Ne4 4. Nd2 Bb4 5. a3 Bxd2+ 6. Bxd2 Nxd2 7. Qxd2 Nc6
8. Nf3 Qe7 9. Qc3 O-O 10. e3 Re8 11. Bd3 a5 12. O-O a4 13. Rfd1 Nxe5 14. Nxe5
Qxe5 15. Qxe5 Rxe5 16. Rac1 d6 17. Re1 Bd7 18. Rc3 f5 19. Rec1 g6 20. c5 d5 21.
b4 axb3 22. Rxb3 Bc6 23. Re1 d4 24. Rf1 dxe3 25. fxe3 Rxc5 26. Ra1 Bd5 27. Rb4
Rc3 28. Be2 Rcxa3 29. Rc1 Rxe3 30. Bf3 Bxf3 31. gxf3 Re7 32. Rxb7 Rc8 33. Kg2
Kf7 34. Kg3 c5 35. Rb5 c4 36. Rb4 c3 37. Rh4 Kf6 38. Rd4 Re2 39. Rd3 c2 40. f4
Rc4 41. h4 Ree4 42. Rf3 Ke6 43. Rf2 Rc3+ 44. Rf3 Rec4 45. Re1+ Kd6 46. Rc1 Kc5
47. Rxc3 Rxc3+ 48. Kg2 Kc4 49. Kf2 Kd3 50. Ke1 Rc4 51. h5 gxh5 52. Kf2 Kd2 53.
Rxc2+ Rxc2 0-1

[Event "2. ODEM U25 2005"]
[Site "Willingen GER"]
[Date "2005.05.15"]
[Round "1"]
[White "Linsenmeyer, Mario"]
[Black "Tsoumanis, Konstantinos"]
[Result "1-0"]
[Termination "normal"]
[Board "38"]
[WhiteElo "1850"]
[BlackElo "1204"]
[PlyCount "25"]
[WhiteFideId "24635138"]
[EventCountry "GER"]
[EventRounds "9"]
[EventType "swiss"]
[EventDate "2005.05.15"]

1. e4 e5 2. Nf3 Nc6 3. d4 exd4 4. Nxd4 Qf6 5. Be3 Bc5 6. c3 Nge7 7. g3 d5 8.
Bg2 dxe4 9. Nd2 Nxd4 10. Nxe4 Qb6 11. Nxc5 Ndf5 12. Nxb7 Nxe3 13. Qd8# 1-0

[Event "2. ODEM U25 2005"]
[Site "Willingen GER"]
[Date "2005.05.15"]
[Round "1"]
[White "Roitzsch, Philipp"]
[Black "Zimmerer, David"]
[Result "1-0"]
[Termination "normal"]
[Board "40"]
[WhiteElo "1830"]
[BlackElo "1193"]
[PlyCount "85"]
[WhiteFideId "24635529"]
[BlackFideId "4620224"]
[EventCountry "GER"]
[EventRounds "9"]
[EventType "swiss"]
[EventDate "2005.05.15"]

1. e4 c5 2. d4 cxd4 3. c3 e5 4. cxd4 exd4 5. Qxd4 Nc6 6. Qd1 g6 7. Nc3 Bg7 8.
Nf3 Nge7 9. Bf4 O-O 10. Bc4 h6 11. O-O Kh7 12. Nb5 a6 13. Bc7 axb5 14. Bxd8
Rxd8 15. Bxb5 Bxb2 16. Rb1 Bg7 17. Qb3 Rf8 18. Rfd1 Bf6 19. Rd6 Bg7 20. h4 Na5
21. Qc2 Nac6 22. h5 g5 23. a4 Kh8 24. Qc5 f6 25. Nd4 Kh7 26. Nf5 Nxf5 27. Qxf5+
Kh8 28. f4 Kg8 29. Bc4+ Kh8 30. Bd3 Ne7 31. Qb5 Nc6 32. Qb2 Kg8 33. Bc4+ Kh8
34. fxg5 hxg5 35. h6 Ne5 36. hxg7+ Kxg7 37. Bb5 Ra7 38. Rf1 b6 39. Rfxf6 Rxf6
40. Qxe5 Kh7 41. Qxf6 Kg8 42. Bc4+ Kh7 43. Qh6# 1-0

[Event "2. ODEM U25 2005"]
[Site "Willingen GER"]
[Date "2005.05.15"]
[Round "1"]
[White "Chernova, Margarita"]
[Black "Belger, Christian"]
[Result "0-1"]
[Termination "normal"]
[Board "41"]
[WhiteElo "1187"]
[BlackElo "1822"]
[PlyCount "60"]
[BlackFideId "24622940"]
[EventCountry "GER"]
[EventRounds "9"]
[EventType "swiss"]
[EventDate "2005.05.15"]

1. e4 c5 2. Nf3 Nc6 3. d4 cxd4 4. Nxd4 g6 5. Nc3 Bg7 6. Be3 Nf6 7. Be2 O-O 8.
f4 d6 9. Qd2 Ng4 10. O-O-O Nxe3 11. Qxe3 Nxd4 12. Rxd4 Bxd4 13. Qxd4 Be6 14.
Qe3 Qa5 15. a3 Rac8 16. Qg3 Bc4 17. Bg4 Rc7 18. f5 b5 19. h4 b4 20. h5 g5 21.
Be2 h6 22. f6 bxc3 23. Bxc4 cxb2+ 24. Kxb2 Rxc4 25. fxe7 Rb8+ 26. Ka2 Rxc2+ 27.
Ka1 Qd2 28. Qb3 Ra2+ 29. Qxa2 Qc3+ 30. Qb2 Qxb2# 0-1

[Event "2. ODEM U25 2005"]
[Site "Willingen GER"]
[Date "2005.05.15"]
[Round "1"]
[White "Gölz, Daniel"]
[Black "Nöttling, Dominik"]
[Result "1-0"]
[Termination "normal"]
[Board "42"]
[WhiteElo "1809"]
[BlackElo "1179"]
[PlyCount "71"]
[WhiteFideId "24626325"]
[BlackFideId "24672807"]
[EventCountry "GER"]
[EventRounds "9"]
[EventType "swiss"]
[EventDate "2005.05.15"]

1. e4 e5 2. Nf3 Nc6 3. Bc4 Bc5 4. b4 Bxb4 5. c3 Be7 6. d4 exd4 7. cxd4 d6 8.
Bb2 Nf6 9. Nbd2 d5 10. exd5 Nxd5 11. O-O O-O 12. Qe2 Re8 13. Rfe1 Nf4 14. Qe4
Ng6 15. h4 Bd7 16. h5 Ba3 17. Bxf7+ Kxf7 18. hxg6+ hxg6 19. Qd5+ Be6 20. Qxd8
Raxd8 21. Bxa3 Nxd4 22. Ng5+ Kg8 23. Nxe6 Nxe6 24. Nf3 Rd3 25. Bb2 Rdd8 26.
Rac1 c6 27. Re4 Nc7 28. Rg4 Re2 29. Be5 Ne8 30. Rxg6 Rxa2 31. Ng5 Rd5 32. Re1
Raa5 33. f4 Ra2 34. Kh1 Rdd2 35. Bxg7 Rxg2 36. Rxe8# 1-0

[Event "2. ODEM U25 2005"]
[Site "Willingen GER"]
[Date "2005.05.15"]
[Round "1"]
[White "Hauffen, Kai"]
[Black "Müer, Sebastian"]
[Result "0-1"]
[Termination "normal"]
[Board "43"]
[WhiteElo "1120"]
[BlackElo "1793"]
[PlyCount "80"]
[EventCountry "GER"]
[EventRounds "9"]
[EventType "swiss"]
[EventDate "2005.05.15"]

1. e4 e6 2. Nc3 d5 3. e5 c5 4. d4 cxd4 5. Qxd4 Bd7 6. Nf3 Nc6 7. Qf4 Bb4 8. Bd2
a6 9. Nd4 Nge7 10. Bd3 Nxd4 11. Qxd4 Nc6 12. Qg4 Qc7 13. Qxg7 Qxe5+ 14. Qxe5
Nxe5 15. Be2 Rg8 16. O-O Bc6 17. Ne4 Be7 18. Ng3 O-O-O 19. Bf4 Ng6 20. Bh6 f5
21. Bd3 Ne5 22. Be2 Nf7 23. Bf4 Bc5 24. c4 d4 25. Bd3 h5 26. h4 Rg4 27. Nxh5
Rxg2+ 28. Kh1 Rxf2+ 29. Kg1 Rg2+ 30. Kh1 Rxb2+ 31. Kg1 Rg2+ 32. Kh1 Rxa2+ 33.
Kg1 Rg2+ 34. Kh1 Rd2+ 35. Kg1 Rg8+ 36. Bg3 Rg2+ 37. Kh1 R2xg3+ 38. Kh2 Rxd3 39.
Nf6 Rg2+ 40. Kh1 Rh3# 0-1

[Event "2. ODEM U25 2005"]
[Site "Willingen GER"]
[Date "2005.05.15"]
[Round "1"]
[White "Willems, Sebastian"]
[Black "Usov, Andreas"]
[Result "1-0"]
[Termination "normal"]
[Board "44"]
[WhiteElo "1786"]
[BlackElo "1101"]
[PlyCount "101"]
[BlackFideId "24601713"]
[EventCountry "GER"]
[EventRounds "9"]
[EventType "swiss"]
[EventDate "2005.05.15"]

1. c4 e5 2. Nc3 Bb4 3. Nf3 Nc6 4. g3 d6 5. Bg2 Nf6 6. O-O Be6 7. d3 O-O 8. Bd2
Qd7 9. Ng5 Rfe8 10. a3 Bc5 11. b4 Bd4 12. b5 Nd8 13. Rb1 Rb8 14. Nxe6 Qxe6 15.
Nd5 Nxd5 16. cxd5 Qf6 17. Qc2 Re7 18. Qc1 h6 19. Bb4 Bb6 20. Qc4 Qf5 21. a4 a5
22. bxa6 Ra8 23. Be4 Qf6 24. axb7 Nxb7 25. Qc6 Ra7 26. a5 Nd8 27. Qb5 Rb7 28.
axb6 Rxb6 29. Qa4 g6 30. Ba5 Rb7 31. Rxb7 Nxb7 32. Bb4 Kg7 33. Rc1 Qg5 34. Rc4
c5 35. dxc6 Rc7 36. cxb7 Rxb7 37. Bxb7 Qh5 38. Bf3 Qf5 39. Bxd6 e4 40. Qa1+ Qf6
41. Be5 exf3 42. Bxf6+ Kh7 43. Rc8 g5 44. d4 g4 45. e4 h5 46. d5 h4 47. d6 h3
48. d7 Kg6 49. d8=Q Kh5 50. Qe5+ Kh6 51. Qh8+ 1-0

[Event "2. ODEM U25 2005"]
[Site "Willingen GER"]
[Date "2005.05.15"]
[Round "1"]
[White "Nitsche-Hahn, Raphael"]
[Black "Rezai, Yuanne"]
[Result "0-1"]
[Termination "normal"]
[Board "45"]
[WhiteElo "1086"]
[BlackElo "1779"]
[PlyCount "58"]
[WhiteFideId "4613120"]
[EventCountry "GER"]
[EventRounds "9"]
[EventType "swiss"]
[EventDate "2005.05.15"]

1. d4 Nf6 2. c4 e6 3. Nc3 c5 4. dxc5 Bxc5 5. Nf3 d5 6. e3 Nc6 7. cxd5 exd5 8.
Bb5 Bg4 9. h3 Bh5 10. b3 O-O 11. Bxc6 bxc6 12. Bb2 Re8 13. O-O Bb6 14. Nb1 Qd6
15. Ba3 c5 16. Nbd2 Ne4 17. Qc2 Rac8 18. Nxe4 dxe4 19. Nd2 Bc7 20. g3 Qg6 21.
Nc4 Bf3 22. Nd2 Bxg3 23. Nxf3 Be5+ 24. Kh1 Bxa1 25. Rxa1 Qf6 26. Bb2 Qxf3+ 27.
Kh2 Re6 28. Rg1 Rg6 29. Qc3 Qxf2+ 0-1

[Event "2. ODEM U25 2005"]
[Site "Willingen GER"]
[Date "2005.05.15"]
[Round "1"]
[White "Dalakian, Haroutioun"]
[Black "Plumbaum, Nadja"]
[Result "1-0"]
[Termination "normal"]
[Board "46"]
[WhiteElo "1746"]
[BlackElo "940"]
[PlyCount "91"]
[WhiteFideId "24632058"]
[BlackFideId "24691941"]
[EventCountry "GER"]
[EventRounds "9"]
[EventType "swiss"]
[EventDate "2005.05.15"]

1. d4 d5 2. Nf3 Nc6 3. e3 Nf6 4. c4 e6 5. Nc3 Ne4 6. Bd3 Bb4 7. Qc2 Bxc3+ 8.
bxc3 Nd6 9. c5 Nc4 10. Bxc4 dxc4 11. e4 O-O 12. O-O b6 13. cxb6 axb6 14. Bf4
Bb7 15. Rfd1 Ne7 16. Qe2 Ng6 17. Bd2 Nh4 18. Nxh4 Qxh4 19. f3 b5 20. Be1 Qf4
21. Bg3 Qf6 22. Bxc7 Qe7 23. Bg3 Rfc8 24. Qb2 Bc6 25. a3 Bd7 26. Qb4 Qxb4 27.
axb4 Rxa1 28. Rxa1 Bc6 29. Ra6 Bb7 30. Rb6 Ba8 31. Rxb5 Bc6 32. Rc5 Bb7 33.
Rxc8+ Bxc8 34. Kf2 f5 35. exf5 exf5 36. Ke3 g5 37. f4 gxf4+ 38. Kxf4 Kg7 39.
Ke5 Kf7 40. Bh4 Ke8 41. g3 Kd7 42. Kd5 Bb7+ 43. Kxc4 Ba6+ 44. b5 Bb7 45. Kc5
Ba8 46. c4 1-0

[Event "2. ODEM U25 2005"]
[Site "Willingen GER"]
[Date "2005.05.15"]
[Round "1"]
[White "Sadjjadi, Bijan Viktor"]
[Black "Winter, Jonathan"]
[Result "0-1"]
[Termination "normal"]
[Board "47"]
[WhiteElo "750"]
[BlackElo "1746"]
[PlyCount "36"]
[EventCountry "GER"]
[EventRounds "9"]
[EventType "swiss"]
[EventDate "2005.05.15"]

1. e4 d6 2. d4 Nf6 3. Nc3 g6 4. Bc4 Bg7 5. Nf3 O-O 6. O-O c6 7. e5 dxe5 8. dxe5
Ng4 9. Qxd8 Rxd8 10. Ng5 Nxe5 11. Bf4 Nxc4 12. Bxb8 Rxb8 13. Nce4 Bf5 14. Rae1
Bxe4 15. b3 Nd2 16. Nxe4 Nxf1 17. Rxf1 Rd4 18. Re1 Rbd8 0-1

[Event "2. ODEM U25 2005"]
[Site "Willingen GER"]
[Date "2005.05.15"]
[Round "1"]
[White "Eidner, Falk"]
[Black "Gheng, Christian"]
[Result "1-0"]
[Termination "normal"]
[Board "48"]
[WhiteElo "1729"]
[BlackElo "743"]
[PlyCount "43"]
[WhiteFideId "24634557"]
[BlackFideId "24660345"]
[EventCountry "GER"]
[EventRounds "9"]
[EventType "swiss"]
[EventDate "2005.05.15"]

1. e4 b6 2. d4 Bb7 3. Nc3 Nc6 4. Nf3 e6 5. a3 Nf6 6. Bg5 Be7 7. Bb5 O-O 8. Qd2
Ng4 9. Bxe7 Qxe7 10. h3 Nxf2 11. Qxf2 Na5 12. O-O d5 13. exd5 exd5 14. b4 Nc6
15. Nxd5 Qe4 16. c4 Nxd4 17. Qxd4 Qe2 18. Rfe1 Qc2 19. Re7 c6 20. Ne3 Qe2 21.
Nf5 cxb5 22. Qxg7# 1-0

[Event "2. ODEM U25 2005"]
[Site "Willingen GER"]
[Date "2005.05.15"]
[Round "2"]
[White "Krensing, Jan"]
[Black "Katte, Nicolas"]
[Result "1-0"]
[Termination "normal"]
[Board "1"]
[WhiteElo "2233"]
[BlackElo "1946"]
[PlyCount "55"]
[WhiteFideId "4671694"]
[BlackFideId "24614149"]
[EventCountry "GER"]
[EventRounds "9"]
[EventType "swiss"]
[EventDate "2005.05.15"]

1. d4 Nf6 2. c4 g6 3. g3 Bg7 4. Bg2 O-O 5. Nf3 d5 6. cxd5 Nxd5 7. O-O Nb6 8.
Nc3 Nc6 9. e3 e5 10. d5 Na5 11. e4 Nac4 12. a4 Nd6 13. Re1 Bd7 14. b3 f5 15.
Bg5 Qc8 16. exf5 e4 17. Nd4 Nxf5 18. Nxf5 Rxf5 19. Nxe4 h6 20. Be3 Bxa1 21.
Qxa1 g5 22. Bh3 Rf8 23. Nf6+ Kf7 24. Nxd7 Nxd7 25. Be6+ Kg6 26. Qb1+ Kh5 27.
g4+ Kh4 28. Qg6 1-0

[Event "2. ODEM U25 2005"]
[Site "Willingen GER"]
[Date "2005.05.15"]
[Round "2"]
[White "Schinkowski, Christoph"]
[Black "Frey, Claudia"]
[Result "1-0"]
[Termination "normal"]
[Board "2"]
[WhiteElo "2193"]
[BlackElo "1911"]
[PlyCount "41"]
[WhiteFideId "4686632"]
[BlackFideId "24614513"]
[EventCountry "GER"]
[EventRounds "9"]
[EventType "swiss"]
[EventDate "2005.05.15"]

1. Nf3 d5 2. c4 e6 3. d4 c6 4. e3 f5 5. g3 Nf6 6. Bg2 Bd6 7. O-O Nbd7 8. Qc2
O-O 9. b3 Qe7 10. a4 Ne4 11. Ba3 g5 12. Bxd6 Qxd6 13. Nc3 Nxc3 14. Qxc3 g4 15.
Ne1 b6 16. b4 Bb7 17. Nd3 c5 18. bxc5 bxc5 19. Qa3 Rfc8 20. Rfc1 Qc7 21. cxd5
1-0